Bundesliga goalscorers 24/25 - Statistics

General Stats
  • This quiz has been taken 123 times
    36 since last reset
  • The average score is 148 of 246
Answer Stats
Club Goals scored Answer % Correct
Bayern München 24 Harry Kane
100%
Eintracht Frankfurt 14 Hugo Ekitiké
100%
Bayern München 9 Leroy Sané
100%
Eintracht Frankfurt 15 Omar Marmoush
100%
Bayer Leverkusen 18 Patrick Schick
100%
Borussia Dortmund 16 Serhou Guirassy
100%
TSG 1899 Hoffenheim 11 Andrej Kramarić
95%
Bayer Leverkusen 9 Florian Wirtz
95%
Bayern München 12 Jamal Musiala
95%
1. FSV Mainz 05 15 Jonathan Burkardt
95%
Bayern München 2 Joshua Kimmich
95%
Bayern München 8 Michael Olise
95%
Bayern München 2 Min-jae Kim
95%
Bayern München 6 Serge Gnabry
95%
Borussia Mönchengladbach 15 Tim Kleindienst
95%
Bayer Leverkusen 8 Victor Boniface
95%
RB Leipzig 12 Benjamin Šeško
89%
Bayern München 2 Dayot Upamecano
89%
VfB Stuttgart 8 Deniz Undav
89%
VfB Stuttgart 13 Ermedin Demirović
89%
Bayer Leverkusen 2 Granit Xhaka
89%
Borussia Dortmund 4 Karim Adeyemi
89%
Bayern München 5 Kingsley Coman
89%
RB Leipzig 9 Loïs Openda
89%
SV Werder Bremen 7 Marvin Ducksch
89%
Borussia Dortmund 8 Maximilian Beier
89%
VfL Wolfsburg 10 Mohamed Amoura
89%
VfB Stuttgart 9 Nick Woltemade
89%
Bayern München 1 Thomas Müller
89%
Borussia Mönchengladbach 10 Alassane Pléa
84%
Bayer Leverkusen 2 Alejandro Grimaldo
84%
FC Augsburg 9 Alexis Claude-Maurice
84%
Bayern München 1 Alphonso Davies
84%
VfB Stuttgart 1 Angelo Stiller
84%
Borussia Dortmund 3 Emre Can
84%
TSG 1899 Hoffenheim 4 Gift Orban
84%
SV Werder Bremen 7 Jens Stage
84%
VfL Wolfsburg 8 Jonas Wind
84%
Borussia Dortmund 3 Julian Brandt
84%
Borussia Mönchengladbach 3 Kevin Stöger
84%
Bayern München 4 Leon Goretzka
84%
SC Freiburg 5 Lucas Höler
84%
1. FSV Mainz 05 6 Nadiem Amiri
84%
SC Freiburg 8 Vincenzo Grifo
84%
RB Leipzig 5 Willi Orbán
84%
Union Berlin 5 Andrej Ilić
79%
Union Berlin 8 Benedict Hollerbach
79%
RB Leipzig 2 Christoph Baumgartner
79%
Union Berlin 1 Diogo Leite
79%
Borussia Mönchengladbach 2 Franck Honorat
79%
Borussia Dortmund 8 Jamie Gittens
79%
Bayer Leverkusen 4 Jeremie Frimpong
79%
Bayer Leverkusen 1 Jonas Hofmann
79%
FC Augsburg 3 Keven Schlotterbeck
79%
VfL Wolfsburg 3 Maximilian Arnold
79%
SC Freiburg 2 Michael Gregoritsch
79%
SV Werder Bremen 5 Mitchell Weiser
79%
VfL Bochum 3 Philipp Hofmann
79%
SC Freiburg 9 Ritsu Doan
79%
Borussia Mönchengladbach 1 Rocco Reitz
79%
SV Werder Bremen 4 Romano Schmid
79%
Holstein Kiel 8 Shuto Machino
79%
Bayern München 1 Aleksandar Pavlović
74%
RB Leipzig / Werder Bremen 2 André Silva
74%
SC Freiburg 2 Christian Günter
74%
1. FSV Mainz 05 7 Jae-sung Lee
74%
SV Werder Bremen 3 Justin Njinmah
74%
Bayern München 2 Konrad Laimer
74%
SV Werder Bremen 6 Marco Grüll
74%
SC Freiburg 2 Matthias Ginter
74%
VfL Bochum 7 Myron Boadu
74%
Bayer Leverkusen 2 Nathan Tella
74%
SV Werder Bremen 5 Oliver Burke
74%
1. FC Heidenheim 1846 3 Paul Wanner
74%
Holstein Kiel 8 Phil Harres
74%
Bayer Leverkusen 2 Robert Andrich
74%
Borussia Mönchengladbach 4 Robin Hack
74%
FC Augsburg 7 Samuel Essende
74%
RB Leipzig 9 Xavi Simons
74%
RB Leipzig 1 Yussuf Poulsen
74%
Bayer Leverkusen 3 Aleix Garcia
68%
Holstein Kiel 4 Alexander Bernhardsson
68%
TSG 1899 Hoffenheim 1 Anton Stach
68%
VfB Stuttgart 1 Atakan Karazor
68%
VfB Stuttgart 2 Chris Führich
68%
RB Leipzig 1 David Raum
68%
Borussia Dortmund 3 Donyell Malen
68%
FC St. Pauli 1 Eric Smith
68%
Bayer Leverkusen 1 Exequiel Palacios
68%
VfB Stuttgart 2 Jamie Leweling
68%
Bayer Leverkusen 2 Jonathan Tah
68%
Borussia Mönchengladbach 3 Ko Itakura
68%
Union Berlin 2 Leopold Querfeld
68%
1. FSV Mainz 05 3 Nelson Weiper
68%
VfL Wolfsburg 3 Patrick Wimmer
68%
1. FSV Mainz 05 8 Paul Nebel
68%
Bayer Leverkusen 2 Piero Hincapié
68%
Borussia Dortmund 1 Ramy Bensebaini
68%
Bayern München 4 Raphaël Guerreiro
68%
Union Berlin 2 Tom Rothe
68%
Borussia Dortmund 1 Waldemar Anton
68%
TSG 1899 Hoffenheim 6 Adam Hložek
63%
1. FSV Mainz 05 1 Anthony Caci
63%
SC Freiburg 2 Chukwubuike Adamu
63%
Union Berlin 1 Danilo Doekhi
63%
1. FSV Mainz 05 2 Dominik Kohr
63%
VfB Stuttgart 5 Enzo Millot
63%
Borussia Dortmund 3 Felix Nmecha
63%
Eintracht Frankfurt 2 Jean-Mattéo Bahoya
63%
VfB Stuttgart 3 Julian Chabot
63%
SV Werder Bremen 2 Leonardo Bittencourt
63%
1. FC Heidenheim 1846 3 Leo Scienza
63%
SC Freiburg 5 Lukas Kübler
63%
VfL Wolfsburg 2 Lukas Nmecha
63%
Eintracht Frankfurt 3 Mario Götze
63%
TSG 1899 Hoffenheim 5 Marius Bülter
63%
1. FC Heidenheim 1846 7 Marvin Pieringer
63%
FC St. Pauli 5 Morgan Guilavogui
63%
Eintracht Frankfurt 3 Nathaniel Brown
63%
FC Augsburg 6 Phillip Tietz
63%
Union Berlin 1 Rani Khedira
63%
Eintracht Frankfurt 2 Rasmus Kristensen
63%
Union Berlin 2 Robert Skov
63%
TSG 1899 Hoffenheim 5 Tom Bischof
63%
1. FC Heidenheim 1846 2 Adrian Beck
58%
1. FSV Mainz 05 1 Andreas Hanche-Olsen
58%
VfL Wolfsburg 1 Andreas Skov Olsen
58%
1. FSV Mainz 05 2 Armindo Sieb
58%
Eintracht Frankfurt 4 Can Uzun
58%
FC Augsburg 1 Chrislain Matsima
58%
VfL Bochum 2 Dani de Wit
58%
VfL Wolfsburg 2 Denis Vavro
58%
SV Werder Bremen 2 Derrick Köhn
58%
FC St. Pauli 3 Elias Saad
58%
1. FC Heidenheim 1846 1 Frans Krätzig
58%
TSG 1899 Hoffenheim 2 Haris Tabaković
58%
Eintracht Frankfurt 3 Hugo Larsson
58%
FC St. Pauli 3 Johannes Eggestein
58%
Borussia Dortmund 1 Julian Ryerson
58%
RB Leipzig 1 Kevin Kampl
58%
Union Berlin 1 Kevin Vogt
58%
1. FC Heidenheim 1846 4 Mathias Honsak
58%
SC Freiburg 1 Maximilian Eggestein
58%
1. FC Heidenheim 1846 1 Patrick Mainka
58%
Eintracht Frankfurt 2 Robin Koch
58%
VfL Wolfsburg 6 Tiago Tomás
58%
Eintracht Frankfurt 2 Tuta
58%
Bayer Leverkusen 2 Amine Adli
53%
Holstein Kiel 1 Benedikt Pichler
53%
Borussia Dortmund 1 Carney Chukwuemeka
53%
FC Augsburg 1 Dimitrios Giannoulis
53%
SV Werder Bremen 3 Felix Agu
53%
VfL Bochum 2 Giorgos Masouras
53%
VfL Wolfsburg 3 Joakim Maehle
53%
VfB Stuttgart 1 Josha Vagnoman
53%
SV Werder Bremen 1 Julián Malatini
53%
SV Werder Bremen 1 Keke Topp
53%
SC Freiburg 2 Kiliann Sildillia
53%
Borussia Mönchengladbach 1 Lukas Ullrich
53%
FC St. Pauli 1 Manolis Saliakas
53%
FC Augsburg 1 Marius Wolf
53%
VfL Bochum 4 Matúš Bero
53%
VfB Stuttgart 1 Maximilian Mittelstädt
53%
VfL Bochum 1 Moritz Broschinski
53%
FC St. Pauli 3 Oladapo Afolayan
53%
Holstein Kiel 6 Steven Skrzybski
53%
TSG 1899 Hoffenheim 1 Valentin Gendrey
53%
Eintracht Frankfurt 1 Ansgar Knauff
47%
RB Leipzig 3 Antonio Nusa
47%
Holstein Kiel 4 Armin Gigović
47%
1. FC Heidenheim 1846 2 Budu Zivzivadze
47%
Holstein Kiel 2 David Zec
47%
Eintracht Frankfurt 1 Farès Chaïbi
47%
Holstein Kiel 2 Finn Porath
47%
Eintracht Frankfurt 1 Igor Matanović
47%
TSG 1899 Hoffenheim 3 Jacob Bruun Larsen
47%
FC Augsburg 1 Jeffrey Gouweleeuw
47%
SC Freiburg 1 Johan Manzambi
47%
Holstein Kiel 1 Lasse Rosenboom
47%
VfL Wolfsburg 2 Lovro Majer
47%
Bayer Leverkusen 2 Martin Terrier
47%
VfL Wolfsburg 3 Mattias Svanberg
47%
TSG 1899 Hoffenheim 1 Mergim Berisha
47%
Eintracht Frankfurt 2 Michy Batshuayi
47%
Borussia Mönchengladbach 2 Nathan N'Goumou
47%
Eintracht Frankfurt 1 Nnamdi Collins
47%
SC Freiburg 1 Philipp Lienhart
47%
VfL Wolfsburg 2 Ridle Baku
47%
RB Leipzig 1 Ridle Baku
47%
Borussia Mönchengladbach 1 Stefan Lainer
47%
FC St. Pauli 2 Danel Sinani
42%
VfB Stuttgart 2 El Bilal Touré
42%
FC Augsburg 1 Elvis Rexhbecaj
42%
Bayer Leverkusen 1 Emiliano Buendiaf
42%
VfL Bochum 1 Felix Passlack
42%
Holstein Kiel 2 Fiete Arp
42%
Borussia Dortmund 2 Giovanni Reyna
42%
1. FC Heidenheim 1846 3 Jan Schöppner
42%
FC St. Pauli 1 Lars Ritzka
42%
VfB Stuttgart 1 Leonidas Stergiou
42%
1. FC Heidenheim 1846 1 Luca Kerber
42%
1. FC Heidenheim 1846 2 Maximilian Breunig
42%
Borussia Mönchengladbach 1 Nico Elvedi
42%
FC St. Pauli 1 Noah Weißhaupt
42%
1. FC Heidenheim 1846 1 Sirlord Conteh
42%
Borussia Mönchengladbach 1 Tomáš Čvančara
42%
Union Berlin 3 Woo-yeong Jeong
42%
VfL Wolfsburg 1 Yannick Gerhardt
42%
Holstein Kiel 1 Andu Yobel Kelati
37%
FC St. Pauli 2 Carlo Boukhalfa
37%
VfL Bochum 1 Gerrit Holtmann
37%
VfL Wolfsburg 1 Kevin Behrens
37%
Eintracht Frankfurt 1 Mahmoud Dahoud
37%
FC St. Pauli 1 Andreas Albers
32%
VfB Stuttgart 1 Anthony Rouault
32%
VfL Wolfsburg 1 Bence Dárdai
32%
VfL Bochum 1 Cristian Gamboa
32%
Borussia Dortmund 1 Daniel Svensson
32%
VfL Bochum 1 Erhan Mašović
32%
VfB Stuttgart 1 Fabian Rieder
32%
VfL Wolfsburg 1 Kilian Fischer
32%
Holstein Kiel 1 Max Geschwill
32%
Bayer Leverkusen 1 Nordi Mukiele
32%
FC St. Pauli 1 Siebe Van Der Heyden
32%
Bayern München 1 Hiroki Ito
26%
VfL Bochum 2 Ibrahima Sissoko
26%
VfL Bochum 1 Koji Miyoshi
26%
RB Leipzig 1 Lutsharel Geertruida
26%
1. FC Heidenheim 1846 2 Niklas Dorsch
26%
Eintracht Frankfurt 1 Oscar Højlund
26%
Borussia Mönchengladbach 1 Philipp Sander
26%
Borussia Mönchengladbach 1 Shio Fukuda
26%
Union Berlin 1 Yorbe Vertessen
26%
Union Berlin 1 Aljoscha Kemlein
21%
Union Berlin 1 András Schäfer
21%
Union Berlin 1 László Bénes
21%
Union Berlin 1 Marin Ljubičić
21%
VfL Wolfsburg 2 Sebastiaan Bornauw
21%
FC Augsburg 1 Yusuf Kabadayi
21%
VfL Bochum 1 Jakov Medić
16%
VfB Stuttgart 1 Justin Diehl
16%
FC Augsburg 2 Mert Kömür
16%
Holstein Kiel 1 Patrick Erras
16%
SC Freiburg 1 Patrick Osterhage
16%
1. FSV Mainz 05 1 Maxim Leitsch
11%
VfL Bochum 1 Lukas Daschner
5%
No matching quizzes found
Score Distribution
Percent of People with Each Score
Percentile by Number Answered
Your Score History
You have not taken this quiz since the last reset